[Event "Berlin-ch Seniors op 37th"]
[Site "Berlin"]
[Date "2021.06.12"]
[Round "5"]
[White "Mietzelfeldt, Gerhard"]
[Black "Geiss, Anne"]
[Result "1-0"]
[WhiteElo "1761"]
[BlackElo "1424"]
[PlyCount "35"]
[EventDate "2021.06.08"]
[EventType "swiss"]
[EventRounds "9"]
[EventCountry "GER"]
[SourceTitle "EXT 2022"]
[Source "ChessBase"]
[SourceDate "2021.10.06"]
[SourceVersion "1"]
[SourceVersionDate "2021.10.06"]
[SourceQuality "1"]

1. e4 e5 2. Nf3 Nf6 3. Nc3 Nc6 4. Bc4 Nxe4 5. d4 Nxc3 6. bxc3 d5 7. Bb5 Bd7 8. Qe2 e4 9. Bxc6 bxc6 10. 0-0 Be7 11. Ne5 0-0 12. f3 Re8 13. fxe4 dxe4 14. Nxf7 Qc8 15. Ne5 Bf6 16. Bf4 Bf5 17. Qc4+ Kh8 18. Nf7+ 1-0

[Event "Berlin-ch Seniors op 37th"]
[Site "Berlin"]
[Date "2021.06.10"]
[Round "3"]
[White "Mietzelfeldt, Gerhard"]
[Black "Langner, Hans Rainer"]
[Result "0-1"]
[WhiteElo "1761"]
[BlackElo "1611"]
[PlyCount "56"]
[EventDate "2021.06.08"]
[EventType "swiss"]
[EventRounds "9"]
[EventCountry "GER"]
[SourceTitle "EXT 2022"]
[Source "ChessBase"]
[SourceDate "2021.10.06"]
[SourceVersion "1"]
[SourceVersionDate "2021.10.06"]
[SourceQuality "1"]

1. e4 c5 2. f4 e6 3. Nf3 Nc6 4. b3 d5 5. e5 Nge7 6. Bb2 a6 7. Be2 b5 8. 0-0 Nf5 9. g4 Nfd4 10. c3 Nxf3+ 11. Bxf3 Be7 12. d3 g5 13. c4 Qb6 14. f5 d4 15. f6 Bd8 16. Qe2 Bc7 17. Bxc6+ Qxc6 18. Nd2 Bb7 19. Nf3 0-0-0 20. Kg2 h5 21. h3 hxg4 22. hxg4 Rh4 23. Kg3 Rh6 24. Kg2 Rhh8 25. Qe4 Qxe4 26. dxe4 Bxe4 27. Kf2 Bxf3 28. Kxf3 Bxe5 0-1

[Event "Berlin-ch Seniors op 37th"]
[Site "Berlin"]
[Date "2021.06.08"]
[Round "1"]
[White "Mietzelfeldt, Gerhard"]
[Black "Pfitzer, Norbert"]
[Result "0-1"]
[WhiteElo "1761"]
[BlackElo "2077"]
[PlyCount "36"]
[EventDate "2021.06.08"]
[EventType "swiss"]
[EventRounds "9"]
[EventCountry "GER"]
[SourceTitle "EXT 2022"]
[Source "ChessBase"]
[SourceDate "2021.10.06"]
[SourceVersion "1"]
[SourceVersionDate "2021.10.06"]
[SourceQuality "1"]

1. e4 e5 2. Nf3 d6 3. Bc4 Nf6 4. d3 Be7 5. h3 0-0 6. Be3 c6 7. Nc3 d5 8. exd5 cxd5 9. Nxe5 dxc4 10. Nxc4 Nc6 11. 0-0 Be6 12. Nd2 Rc8 13. Nde4 Nd5 14. Qd2 Nxe3 15. fxe3 f5 16. Ng3 Qb6 17. Kh1 Bg5 18. Rf3 Ne5 0-1

[Event "Berlin-ch Seniors op 36th"]
[Site "Berlin"]
[Date "2020.02.01"]
[Round "5.45"]
[White "Garms, Ilse"]
[Black "Mietzelfeldt, Gerhard"]
[Result "1-0"]
[WhiteElo "1693"]
[BlackElo "1800"]
[PlyCount "82"]
[EventDate "2020.01.28"]
[EventType "swiss"]
[EventRounds "9"]
[EventCountry "GER"]
[SourceTitle "EXT 2024"]
[Source "ChessBase"]
[SourceDate "2023.10.10"]
[SourceVersion "1"]
[SourceVersionDate "2023.10.10"]
[SourceQuality "1"]

1. d4 d5 2. e3 Nf6 3. Nf3 c6 4. Bd3 g6 5. Nbd2 Bg7 6. b3 Nbd7 7. Bb2 0-0 8. 0-0 Re8 9. Re1 a5 10. a4 b6 11. e4 dxe4 12. Nxe4 Nd5 13. c3 Qc7 14. Bc4 N7f6 15. Nxf6+ Bxf6 16. Rc1 Ba6 17. Bxd5 cxd5 18. Ne5 Qd6 19. Qf3 Ra7 20. Ra1 h5 21. Ba3 Qc7 22. Qxd5 e6 23. Qf3 Bg7 24. Rac1 Bb7 25. Qg3 Rd8 26. Nc4 Qc6 27. Be7 Rd5 28. Bg5 Ba6 29. Bd2 Bxc4 30. bxc4 Qxc4 31. Qb8+ Kh7 32. Qxa7 Rf5 33. Qxb6 Qxa4 34. Be3 Qa2 35. c4 Bh6 36. d5 exd5 37. Bxh6 Kxh6 38. Qe3+ g5 39. cxd5 Qxd5 40. h4 f6 41. hxg5+ fxg5 1-0

[Event "Berlin-ch Seniors op 34th"]
[Site "Berlin"]
[Date "2018.02.07"]
[Round "8"]
[White "Mietzelfeldt, Gerhard"]
[Black "Fey, Jens"]
[Result "1-0"]
[WhiteElo "1850"]
[BlackElo "1636"]
[PlyCount "53"]
[EventDate "2018.01.30"]
[EventType "swiss"]
[EventRounds "9"]
[EventCountry "GER"]
[SourceTitle "EXT 2020"]
[Source "ChessBase"]
[SourceDate "2019.10.17"]
[SourceVersion "1"]
[SourceVersionDate "2019.10.17"]
[SourceQuality "1"]

1. d4 d5 2. c4 e6 3. Nf3 Nf6 4. Nc3 Be7 5. e3 0-0 6. Bd3 b6 7. 0-0 Bb7 8. Bd2 c5 9. Rc1 Na6 10. Qe2 Nc7 11. Rfd1 Ba6 12. Ne5 Bb7 13. cxd5 Ncxd5 14. dxc5 Bxc5 15. a3 Nxc3 16. Bxc3 Qe7 17. Ng4 Nxg4 18. Qxg4 f6 19. Qh4 g6 20. Bc4 Bc8 21. b4 Bd6 22. Rd2 Bc7 23. Bb5 g5 24. Qc4 Qf7 25. Bc6 Rb8 26. Bb2 e5 27. Bd5 1-0

[Event "Berlin-ch Seniors op 33rd"]
[Site "Berlin"]
[Date "2017.02.06"]
[Round "6"]
[White "Mietzelfeldt, Gerhard"]
[Black "Keusch, Horst"]
[Result "1-0"]
[WhiteElo "1827"]
[BlackElo "1943"]
[PlyCount "143"]
[EventDate "2017.01.31"]
[EventType "swiss"]
[EventRounds "9"]
[EventCountry "GER"]
[SourceTitle "EXT 2019"]
[Source "ChessBase"]
[SourceDate "2018.10.10"]
[SourceVersion "1"]
[SourceVersionDate "2018.10.10"]
[SourceQuality "1"]

1. e4 g6 2. c3 c6 3. d4 d5 4. Bd3 dxe4 5. Bxe4 Nf6 6. Bc2 Bg7 7. Bg5 0-0 8. Ne2 Qd5 9. Bxf6 Bxf6 10. 0-0 Qb5 11. Bb3 Nd7 12. Re1 e5 13. Na3 Qa6 14. Nc2 c5 15. dxc5 Nxc5 16. Nb4 Qa5 17. Bc2 Ne6 18. Ng3 Rd8 19. Qf3 Bg7 20. Rad1 Rb8 21. Ne4 f5 22. Ng3 Ng5 23. Bb3+ Kh8 24. Qe2 Be6 25. h4 Bxb3 26. axb3 Nf7 27. h5 Qb6 28. hxg6 hxg6 29. Qc2 Qe6 30. c4 Bf8 31. Nd5 Bd6 32. Ne2 Kg7 33. Rd3 e4 34. Rdd1 Rh8 35. Nef4 Qe8 36. Re3 Rh6 37. Rh3 Qh8 38. Rxh6 Qxh6 39. Ne6+ Kh8 40. g3 Re8 41. Kg2 Rxe6 42. Rh1 Qxh1+ 43. Kxh1 g5 44. Kg2 Kg7 45. c5 Be5 46. b4 Rh6 47. b5 Nd8 48. Qc4 a6 49. bxa6 Rxa6 50. Ne3 Kf6 51. Nd5+ Kg6 52. Nb4 Re6 53. Qd5 Bf6 54. Nc2 f4 55. g4 Re8 56. b4 f3+ 57. Kf1 Nf7 58. Qf5+ Kg7 59. Ne3 Ra8 60. Ke1 Bc3+ 61. Kd1 Ra2 62. Qxe4 Rxf2 63. Nf5+ Kf6 64. Nd6 Nxd6 65. cxd6 Rd2+ 66. Kc1 f2 67. Qf5+ Kg7 68. Qxg5+ Kf8 69. Qf5+ Kg7 70. d7 Bxb4 71. Qxf2 Rxd7 72. Qb2+ 1-0

[Event "Berlin-ch Seniors op 33rd"]
[Site "Berlin"]
[Date "2017.02.03"]
[Round "4"]
[White "Mietzelfeldt, Gerhard"]
[Black "Rollwitz, Juergen"]
[Result "1/2-1/2"]
[WhiteElo "1827"]
[BlackElo "1931"]
[PlyCount "36"]
[EventDate "2017.01.31"]
[EventType "swiss"]
[EventRounds "9"]
[EventCountry "GER"]
[SourceTitle "EXT 2019"]
[Source "ChessBase"]
[SourceDate "2018.10.10"]
[SourceVersion "1"]
[SourceVersionDate "2018.10.10"]
[SourceQuality "1"]

1. e4 e5 2. Nf3 d6 3. Bc4 Be7 4. d3 Nf6 5. Be3 c6 6. 0-0 0-0 7. h3 Qc7 8. Bb3 b6 9. c4 Nbd7 10. Nc3 Nc5 11. Bc2 Ne6 12. d4 Ba6 13. Bd3 Nd7 14. Rc1 exd4 15. Nxd4 Nxd4 16. Bxd4 Ne5 17. b3 Qd8 18. Bb1 Bc8 1/2-1/2

[Event "Berlin-ch Seniors op 32nd"]
[Site "Berlin"]
[Date "2016.02.04"]
[Round "9"]
[White "Sattler, Guenther"]
[Black "Mietzelfeldt, Gerhard"]
[Result "1/2-1/2"]
[WhiteElo "1703"]
[BlackElo "1853"]
[PlyCount "100"]
[EventDate "2016.01.26"]
[EventType "swiss"]
[EventRounds "9"]
[EventCountry "GER"]
[SourceTitle "EXT 2019"]
[Source "ChessBase"]
[SourceDate "2018.10.10"]
[SourceVersion "1"]
[SourceVersionDate "2018.10.10"]
[SourceQuality "1"]

1. Nf3 Nf6 2. d4 d6 3. e3 g6 4. c4 Bg7 5. Be2 0-0 6. 0-0 Re8 7. Nc3 Nbd7 8. b4 c6 9. a4 e5 10. Rb1 exd4 11. exd4 Nf8 12. Be3 h6 13. h3 Bf5 14. Bd3 Bxd3 15. Qxd3 a6 16. a5 Qd7 17. Na4 Qe7 18. Nb6 Rad8 19. Rfe1 Qe4 20. Qc3 Qf5 21. Qc1 g5 22. Nh2 Ng6 23. g4 Qe4 24. Na4 Nh4 25. f3 Nxf3+ 26. Nxf3 Qxf3 27. Kh2 Nd7 28. Rb2 Qf6 29. Rf2 Qg6 30. Rf5 Re6 31. Ref1 f6 32. Nc3 Rde8 33. Nd1 R8e7 34. Re1 Qe8 35. Rf3 Re4 36. Kg3 Rxd4 37. Bxd4 Rxe1 38. Bf2 Re4 39. Re3 Qe5+ 40. Kg2 Rxe3 41. Qxe3 Qxe3 42. Nxe3 Ne5 43. Bg3 Kf7 44. Bxe5 fxe5 45. Kf3 Ke6 46. Ke4 Bf8 47. Kd3 d5 48. c5 e4+ 49. Ke2 Bg7 50. Nf5 Bf8 1/2-1/2

[Event "Berlin-ch Seniors op 32nd"]
[Site "Berlin"]
[Date "2016.02.01"]
[Round "6"]
[White "Mietzelfeldt, Gerhard"]
[Black "Schlicht, Werner"]
[Result "1-0"]
[WhiteElo "1853"]
[BlackElo "1626"]
[PlyCount "96"]
[EventDate "2016.01.26"]
[EventType "swiss"]
[EventRounds "9"]
[EventCountry "GER"]
[SourceTitle "EXT 2019"]
[Source "ChessBase"]
[SourceDate "2018.10.10"]
[SourceVersion "1"]
[SourceVersionDate "2018.10.10"]
[SourceQuality "1"]

1. d4 d5 2. c4 e6 3. Nc3 Nf6 4. Bg5 Be7 5. e3 Nbd7 6. Nf3 b6 7. Be2 Ba6 8. b3 0-0 9. Qc2 h6 10. Bf4 Rc8 11. 0-0 c5 12. dxc5 Nxc5 13. Rfd1 Bb7 14. Qb2 Qe8 15. Rac1 dxc4 16. Bxc4 Bxf3 17. gxf3 a6 18. Qe2 b5 19. Nxb5 axb5 20. Bxb5 Ncd7 21. e4 Rxc1 22. Bxc1 Qc8 23. Be3 Rd8 24. a4 Bb4 25. Rc1 Qb8 26. Rc4 Qd6 27. f4 Qf8 28. Qc2 Rb8 29. h3 Ba5 30. Rc6 Qd8 31. Qc4 Nb6 32. Qc2 Rc8 33. Rxc8 Qxc8 34. Qxc8+ Nxc8 35. f3 Nd6 36. Bc6 Nfe8 37. Bc5 f6 38. e5 Bc7 39. exd6 Nxd6 40. Bb4 Nf7 41. Bd2 Kf8 42. a5 Ke7 43. Kf2 Kd6 44. Be8 Nd8 45. b4 Nc6 46. Ke3 e5 47. Bc3 Kd5 48. Bxc6+ Kxc6 1-0

[Event "Berlin-ch Seniors op 32nd"]
[Site "Berlin"]
[Date "2016.01.28"]
[Round "3"]
[White "Prix, Siegfried"]
[Black "Mietzelfeldt, Gerhard"]
[Result "0-1"]
[WhiteElo "1699"]
[BlackElo "1853"]
[PlyCount "154"]
[EventDate "2016.01.26"]
[EventType "swiss"]
[EventRounds "9"]
[EventCountry "GER"]
[SourceTitle "EXT 2019"]
[Source "ChessBase"]
[SourceDate "2018.10.10"]
[SourceVersion "1"]
[SourceVersionDate "2018.10.10"]
[SourceQuality "1"]

1. e4 e5 2. Nf3 Nc6 3. Bc4 Be7 4. d4 exd4 5. Nxd4 d6 6. Be3 Nf6 7. f3 0-0 8. 0-0 a6 9. Nc3 Bd7 10. Qd2 Re8 11. Rad1 Nxd4 12. Qxd4 Bc6 13. Bb3 Nd7 14. Nd5 Bf8 15. Qd2 Be7 16. Rfe1 Nf6 17. Nxe7+ Rxe7 18. Bg5 Re5 19. Bf4 Re8 20. Bg5 h6 21. Bh4 Re5 22. Bg3 Re8 23. Bh4 Re5 24. Qd4 g5 25. Bg3 Re8 26. Qc4 Qd7 27. Qd4 Nh5 28. Qf2 Nxg3 29. Qxg3 Qe7 30. Bd5 Qf6 31. Bxc6 bxc6 32. c3 a5 33. Qf2 Qe5 34. Qd4 Qxd4+ 35. cxd4 Reb8 36. Rd2 Kf8 37. Rc1 Rb6 38. Rc3 Ke7 39. Rdc2 Kd7 40. b3 Raa6 41. Kf2 Rb4 42. Ke3 a4 43. bxa4 Rbxa4 44. g3 Rxa2 45. e5 Rxc2 46. Rxc2 d5 47. f4 Ra3+ 48. Ke2 gxf4 49. gxf4 Rh3 50. Ke1 Rf3 51. Rf2 Ra3 52. f5 Rc3 53. Kd2 Rc4 54. Kd3 Ra4 55. Ke3 c5 56. dxc5 Re4+ 57. Kd3 Rxe5 58. Kd4 f6 59. Rf4 h5 60. h3 c6 61. Kd3 Ke7 62. Rf1 Kf7 63. Ra1 Rxf5 64. Ra6 Rf3+ 65. Kd4 Rxh3 66. Rxc6 Rh1 67. Kxd5 h4 68. Rc7+ Kg6 69. Rc8 h3 70. Rh8 h2 71. Kc6 f5 72. Kc7 f4 73. c6 f3 74. Kd7 Rd1+ 75. Ke8 h1Q 76. Rxh1 Rxh1 77. c7 Rc1 0-1

[Event "Berlin-ch Seniors op 32nd"]
[Site "Berlin"]
[Date "2016.01.26"]
[Round "1"]
[White "David, Heinz Dieter"]
[Black "Mietzelfeldt, Gerhard"]
[Result "0-1"]
[WhiteElo "1575"]
[BlackElo "1853"]
[PlyCount "48"]
[EventDate "2016.01.26"]
[EventType "swiss"]
[EventRounds "9"]
[EventCountry "GER"]
[SourceTitle "EXT 2019"]
[Source "ChessBase"]
[SourceDate "2018.10.10"]
[SourceVersion "1"]
[SourceVersionDate "2018.10.10"]
[SourceQuality "1"]

1. e4 e5 2. Nf3 Nc6 3. Nc3 Nf6 4. d3 Be7 5. Be2 0-0 6. h3 d6 7. a3 h6 8. Bd2 a6 9. Qc1 Nh7 10. Nd5 f5 11. Nxe7+ Qxe7 12. exf5 Bxf5 13. g4 Bd7 14. g5 Nd4 15. Nxd4 exd4 16. gxh6 Rae8 17. Qd1 Qh4 18. Rh2 Bg4 19. c3 Rxe2+ 20. Qxe2 Bxe2 21. Kxe2 Qh5+ 22. Kf1 Rf3 23. Kg2 Rxd3 24. Bf4 Qf3+ 0-1

[Event "Berlin-ch Seniors op 31st"]
[Site "Berlin"]
[Date "2015.02.05"]
[Round "7"]
[White "Mietzelfeldt, Gerhard"]
[Black "Hartmann, Hans"]
[Result "1/2-1/2"]
[WhiteElo "1601"]
[BlackElo "1776"]
[PlyCount "42"]
[EventDate "2015.01.29"]
[EventType "swiss"]
[EventRounds "9"]
[EventCountry "GER"]
[SourceTitle "EXT 2018"]
[Source "ChessBase"]
[SourceDate "2017.10.13"]
[SourceVersion "1"]
[SourceVersionDate "2017.10.13"]
[SourceQuality "1"]

1. d4 d5 2. c4 c6 3. Nc3 Bf5 4. Bf4 Nf6 5. e3 e6 6. Nf3 h6 7. Be2 dxc4 8. Bxc4 Nbd7 9. 0-0 Nh5 10. Bg3 Nxg3 11. hxg3 Qc7 12. Rc1 Bg4 13. Be2 a6 14. Qb3 Qb6 15. Qc2 Be7 16. Nd2 Bxe2 17. Nxe2 0-0 18. Nf4 Rac8 19. Qb3 Qxb3 20. Nxb3 c5 21. dxc5 Nxc5 1/2-1/2

[Event "Berlin-ch Seniors op 31st"]
[Site "Berlin"]
[Date "2015.02.02"]
[Round "4"]
[White "Albinus, Guenter"]
[Black "Mietzelfeldt, Gerhard"]
[Result "1-0"]
[WhiteElo "1818"]
[BlackElo "1601"]
[PlyCount "119"]
[EventDate "2015.01.29"]
[EventType "swiss"]
[EventRounds "9"]
[EventCountry "GER"]
[SourceTitle "EXT 2018"]
[Source "ChessBase"]
[SourceDate "2017.10.13"]
[SourceVersion "1"]
[SourceVersionDate "2017.10.13"]
[SourceQuality "1"]

1. Nf3 f5 2. d3 e6 3. g3 Nf6 4. Bg2 Be7 5. 0-0 0-0 6. c3 Nc6 7. Qc2 Rb8 8. Nbd2 b6 9. Re1 Bb7 10. e4 fxe4 11. dxe4 e5 12. Nc4 d6 13. Be3 Nxe4 14. Nfxe5 Nxe5 15. Nxe5 Nc5 16. Nc6 Bxc6 17. Bxc6 Bf6 18. Rad1 Nd7 19. f4 Re8 20. Qa4 Re7 21. Qxa7 Nf8 22. Qa4 Kh8 23. Qc2 Qc8 24. Re2 Qg4 25. Rde1 Ng6 26. Rg2 Rd8 27. Qe2 Qf5 28. Ba4 Ra8 29. Bc2 Qd7 30. a3 Rae8 31. Qd3 Qg4 32. Bd1 Qd7 33. Rge2 b5 34. Bf2 c6 35. Bc5 Rxe2 36. Rxe2 Rxe2 37. Bxe2 d5 38. Qf3 Ne7 39. Qg4 Qc7 40. Bd3 g6 41. Qe6 Kg7 42. Bd6 Qc8 43. Qxc8 Nxc8 44. Bc5 Kf7 45. Kf2 Ke6 46. Kf3 Nd6 47. g4 Kd7 48. f5 g5 49. Bd4 Ke7 50. Ke3 Nb7 51. b3 h6 52. c4 Bxd4+ 53. Kxd4 dxc4 54. bxc4 bxc4 55. Bxc4 Kd6 56. f6 c5+ 57. Ke4 Na5 58. f7 Ke7 59. Bd5 c4 60. Kd4 1-0

[Event "Berlin-ch Seniors op 31st"]
[Site "Berlin"]
[Date "2015.01.30"]
[Round "2"]
[White "Steppan, Siegfried"]
[Black "Mietzelfeldt, Gerhard"]
[Result "0-1"]
[WhiteElo "1439"]
[BlackElo "1601"]
[PlyCount "84"]
[EventDate "2015.01.29"]
[EventType "swiss"]
[EventRounds "9"]
[EventCountry "GER"]
[SourceTitle "EXT 2018"]
[Source "ChessBase"]
[SourceDate "2017.10.13"]
[SourceVersion "1"]
[SourceVersionDate "2017.10.13"]
[SourceQuality "1"]

1. d4 f5 2. c4 Nf6 3. Nc3 g6 4. Nf3 Bg7 5. e3 0-0 6. Bd3 d6 7. 0-0 Nbd7 8. Qb3 h6 9. c5+ Kh7 10. cxd6 cxd6 11. Bd2 e5 12. e4 exd4 13. exf5 dxc3 14. fxg6+ Kh8 15. Bxc3 Nc5 16. Qc2 Nxd3 17. Qxd3 Ng4 18. Bxg7+ Kxg7 19. h3 Bf5 20. Qd4+ Nf6 21. Nh4 Bxg6 22. Nxg6 Kxg6 23. Qd3+ Kg7 24. Qg3+ Kh8 25. Qg6 Ng8 26. Rac1 Qf6 27. Qc2 Rac8 28. Qd2 Rxc1 29. Rxc1 Rf7 30. Rc3 Qf4 31. Qc2 Re7 32. Qd1 Re4 33. Rc7 Re7 34. Rc3 Qe5 35. Re3 Qf6 36. Rc3 Qe6 37. Re3 Qd7 38. Qd4+ Rg7 39. Rg3 Qe7 40. Rc3 Qf6 41. Qd2 Qg5 42. g3 Qf6 0-1

[Event "Berlin-ch Seniors op 30th"]
[Site "Berlin"]
[Date "2014.02.03"]
[Round "5"]
[White "Mietzelfeldt, Gerhard"]
[Black "Grabinger, Hartmut"]
[Result "0-1"]
[WhiteElo "1688"]
[BlackElo "1897"]
[PlyCount "64"]
[EventDate "2014.01.30"]
[EventType "swiss"]
[EventRounds "9"]
[EventCountry "GER"]
[SourceTitle "EXT 2018"]
[Source "ChessBase"]
[SourceDate "2017.10.13"]
[SourceVersion "1"]
[SourceVersionDate "2017.10.13"]
[SourceQuality "1"]

1. e4 c5 2. f4 Nc6 3. Nf3 g6 4. c3 d5 5. exd5 Qxd5 6. d3 Bg7 7. Be3 e5 8. Qb3 Qd6 9. Ng5 Nh6 10. Ne4 Qc7 11. Bxc5 Nf5 12. Qa3 exf4 13. Nd6+ Kd8 14. Nxf7+ Qxf7 15. Nd2 Bf8 16. 0-0-0 Ne3 17. Re1 Bxc5 18. Qxc5 Qd5 19. Qxd5+ Nxd5 20. Nc4 Re8 21. Be2 Ne3 22. Nd6 Re7 23. Bf3 h5 24. Kd2 Ne5 25. Be4 g5 26. g3 Bh3 27. gxf4 gxf4 28. Rhg1 Bg4 29. Nxb7+ Rxb7 30. Bxb7 Rb8 31. Be4 Rxb2+ 32. Kc1 Rxh2 0-1

[Event "Berlin-ch Seniors op 30th"]
[Site "Berlin"]
[Date "2014.02.01"]
[Round "3"]
[White "Wolf, Manfred"]
[Black "Mietzelfeldt, Gerhard"]
[Result "0-1"]
[WhiteElo "1862"]
[BlackElo "1688"]
[PlyCount "151"]
[EventDate "2014.01.30"]
[EventType "swiss"]
[EventRounds "9"]
[EventCountry "GER"]
[SourceTitle "EXT 2018"]
[Source "ChessBase"]
[SourceDate "2017.10.13"]
[SourceVersion "1"]
[SourceVersionDate "2017.10.13"]
[SourceQuality "1"]

1. Nf3 d5 2. b3 Nf6 3. Bb2 e6 4. e3 Nbd7 5. Be2 Be7 6. 0-0 c5 7. c4 0-0 8. d3 b6 9. Nbd2 Bb7 10. cxd5 exd5 11. d4 Rc8 12. Rc1 Ne4 13. dxc5 Nxd2 14. Qxd2 bxc5 15. Rfd1 Nf6 16. Qc2 h6 17. Qc3 Qb6 18. Ne5 Ne4 19. Qc2 Rfd8 20. Bd3 Qe6 21. f3 Nd6 22. Qf2 Nf5 23. g4 Nd6 24. f4 Ne4 25. Bxe4 dxe4 26. f5 Qa6 27. Nc4 f6 28. Qc2 Rxd1+ 29. Rxd1 Bc6 30. a4 Rc7 31. Kf2 Qc8 32. Nd6 Qb8 33. Qc4+ Kh7 34. Ba3 Rd7 35. Bxc5 Bxd6 36. Bxa7 Qc7 37. Rc1 Bb7 38. Qxc7 Rxc7 39. Rxc7 Bxc7 40. h3 Bd6 41. Bd4 Kg8 42. Bc3 Kf7 43. b4 Bc6 44. b5 Bd7 45. Bd4 Bb8 46. Bc5 g6 47. h4 gxf5 48. gxf5 h5 49. Kg2 Ke8 50. Bd4 Ke7 51. Bc5+ Kd8 52. Bb6+ Kc8 53. Bd4 Bxf5 54. a5 Be6 55. Bxf6 Bc4 56. b6 Kb7 57. Bc3 Kc6 58. Be1 Ba6 59. Bg3 Bd6 60. Bxd6 Kxd6 61. Kf2 Kd5 62. Kg3 Ke5 63. Kf2 Kf5 64. Kg3 Bc8 65. Kh3 Ke5+ 66. Kg3 Ba6 67. Kf2 Kd5 68. Kg3 Kc4 69. Kf4 Kd3 70. Ke5 Kxe3 71. Kd6 Kf2 72. Kc7 e3 73. b7 Bxb7 74. Kxb7 e2 75. a6 e1Q 76. a7 0-1

[Event "Berlin-ch Seniors op 30th"]
[Site "Berlin"]
[Date "2014.01.30"]
[Round "1"]
[White "Tham, Franz"]
[Black "Mietzelfeldt, Gerhard"]
[Result "1/2-1/2"]
[WhiteElo "1273"]
[BlackElo "1688"]
[PlyCount "68"]
[EventDate "2014.01.30"]
[EventType "swiss"]
[EventRounds "9"]
[EventCountry "GER"]
[SourceTitle "EXT 2018"]
[Source "ChessBase"]
[SourceDate "2017.10.13"]
[SourceVersion "1"]
[SourceVersionDate "2017.10.13"]
[SourceQuality "1"]

1. Nf3 d5 2. d4 e6 3. c4 c6 4. Nc3 Be7 5. cxd5 exd5 6. Bf4 Nf6 7. h3 h6 8. e3 Nbd7 9. Bd3 0-0 10. Rc1 Nb6 11. Ne5 Be6 12. Ng4 Nxg4 13. hxg4 f5 14. Bxh6 gxh6 15. Rxh6 Rf6 16. Rxf6 Bxf6 17. gxf5 Bd7 18. Qg4+ Kf8 19. Ke2 Qe7 20. Rh1 Qg7 21. Qxg7+ Kxg7 22. g4 Rh8 23. Rxh8 Kxh8 24. f4 Be8 25. Kf3 Bh4 26. Nd1 Kg7 27. Nf2 Bf7 28. b3 a5 29. Nh3 a4 30. Ng5 axb3 31. axb3 Bg8 32. Ne6+ Bxe6 33. fxe6 Kf6 34. f5 Bg5 1/2-1/2

[Event "Berlin-ch Seniors op 27th"]
[Site "Berlin"]
[Date "2011.02.03"]
[Round "6"]
[White "Mietzelfeldt, Gerhard"]
[Black "Hoffmann, Peter1111"]
[Result "0-1"]
[WhiteElo "1664"]
[BlackElo "1854"]
[PlyCount "40"]
[EventDate "2011.01.29"]
[EventType "swiss"]
[EventRounds "9"]
[EventCountry "GER"]
[SourceTitle "EXT 2012"]
[Source "ChessBase"]
[SourceDate "2011.11.24"]
[SourceVersion "1"]
[SourceVersionDate "2011.11.24"]
[SourceQuality "1"]

1. e4 c5 2. f4 e6 3. Nf3 d5 4. e5 Nc6 5. Be2 Nh6 6. 0-0 Nf5 7. b3 Bd7 8. Nc3 a6 9. Qe1 Nfd4 10. Nxd4 cxd4 11. Nb1 Nb4 12. Qd1 Rc8 13. c3 d3 14. cxb4 dxe2 15. Qxe2 Bxb4 16. Bb2 0-0 17. Bc3 Bb5 18. Qf3 Bxf1 19. Kxf1 Qb6 20. Bxb4 Rc1+ 0-1

[Event "Berlin-ch Seniors op 27th"]
[Site "Berlin"]
[Date "2011.01.29"]
[Round "1"]
[White "Krug, Peter"]
[Black "Mietzelfeldt, Gerhard"]
[Result "1-0"]
[WhiteElo "2059"]
[BlackElo "1664"]
[PlyCount "47"]
[EventDate "2011.01.29"]
[EventType "swiss"]
[EventRounds "9"]
[EventCountry "GER"]
[SourceTitle "EXT 2012"]
[Source "ChessBase"]
[SourceDate "2011.11.24"]
[SourceVersion "1"]
[SourceVersionDate "2011.11.24"]
[SourceQuality "1"]

1. e4 e5 2. Nf3 Nc6 3. Bc4 Be7 4. 0-0 Nf6 5. d3 d6 6. c3 0-0 7. Nbd2 h6 8. Re1 Bg4 9. h3 Bh5 10. Nf1 Qd7 11. Ng3 Bg6 12. Nh4 Bh7 13. Nhf5 Na5 14. Nxe7+ Qxe7 15. Bb5 a6 16. Ba4 b5 17. Bc2 c5 18. Qf3 Qd7 19. Bxh6 Nxe4 20. dxe4 gxh6 21. Rad1 Rae8 22. b3 Re6 23. Nf5 Nc6 24. Qg4+ 1-0

[Event "Berlin op 06"]
[Site "Berlin"]
[Date "2004.06.13"]
[Round "4"]
[White "Hahlbohm, Matthias"]
[Black "Mietzelfeldt, Gerhard"]
[Result "1-0"]
[WhiteElo "2066"]
[BlackElo "1722"]
[PlyCount "49"]
[EventDate "2004.06.11"]
[EventType "swiss"]
[EventRounds "5"]
[EventCountry "GER"]
[SourceTitle "EXT 2007"]
[Source "ChessBase"]
[SourceDate "2006.11.23"]
[SourceVersion "1"]
[SourceVersionDate "2006.11.23"]
[SourceQuality "1"]

1. e4 e5 2. Nf3 Nc6 3. Bc4 Be7 4. d4 exd4 5. Nxd4 d6 6. Nxc6 bxc6 7. Bd3 Nf6 8. h3 Nd7 9. 0-0 Nc5 10. Nc3 a5 11. Be2 Ba6 12. Bxa6 Nxa6 13. Be3 0-0 14. Qd2 Re8 15. Rad1 Bf8 16. f3 Qc8 17. Ne2 Qb7 18. b3 Nb8 19. a4 Nd7 20. Ng3 Nb6 21. Bd4 c5 22. Bc3 c4 23. Nf5 Nd7 24. Bxg7 d5 25. Nh6+ 1-0

[Event "Berlin op 06"]
[Site "Berlin"]
[Date "2004.06.12"]
[Round "2"]
[White "Mietzelfeldt, Gerhard"]
[Black "Kiesekamp, Marcos"]
[Result "0-1"]
[WhiteElo "1722"]
[BlackElo "2135"]
[PlyCount "20"]
[EventDate "2004.06.11"]
[EventType "swiss"]
[EventRounds "5"]
[EventCountry "GER"]
[SourceTitle "EXT 2007"]
[Source "ChessBase"]
[SourceDate "2006.11.23"]
[SourceVersion "1"]
[SourceVersionDate "2006.11.23"]
[SourceQuality "1"]

1. e4 c5 2. f4 d5 3. e5 Nc6 4. Nf3 Bf5 5. d4 e6 6. Be3 Qb6 7. dxc5 Qxb2 8. Nd4 Qxa1 9. Nxc6 bxc6 10. Bd4 Qxa2 0-1

[Event "Brandenburg Seniors op 08th"]
[Site "Uckley"]
[Date "1999.09.23"]
[Round "5"]
[White "Meiling, Hermann"]
[Black "Mietzelfeldt, Gerhard"]
[Result "0-1"]
[WhiteElo "1956"]
[BlackElo "1755"]
[PlyCount "56"]
[EventDate "1999.09.??"]
[EventType "swiss"]
[EventRounds "7"]
[EventCountry "GER"]
[SourceTitle "EXT 2006"]
[Source "ChessBase"]
[SourceDate "2005.11.24"]
[SourceVersion "1"]
[SourceVersionDate "2005.11.24"]
[SourceQuality "1"]

1. d4 d5 2. c4 c6 3. Nc3 e6 4. e4 dxe4 5. Nxe4 Nf6 6. Nc3 Be7 7. Nf3 Nbd7 8. Be2 0-0 9. 0-0 c5 10. Bf4 Nh5 11. Be3 cxd4 12. Nxd4 Nhf6 13. Qc2 Qa5 14. a3 a6 15. b4 Qc7 16. c5 Rd8 17. Rac1 Nf8 18. Bf3 Ng6 19. Na4 e5 20. Nf5 Bxf5 21. Qxf5 Nh4 22. Qh3 Nxf3+ 23. Qxf3 Rd3 24. c6 e4 25. cxb7 Qxb7 26. Qf4 Bd6 27. Qf5 Rd5 28. Qh3 Rh5 0-1